000 00469nam a22001457a 4500
008 140903b xxu||||| |||| 00| 0 eng d
020 _a040609053x
050 _aKD277.5.(1865-67 vol.1)
_bL39
245 _aThe Law Reports(1865-67 vol.1) Court of Erchequer./
_cEdited by: James Redfoord Bulwer.
260 _aLondon:
_bButterworth & Co Ltd.:
_c1865 - 1867.
300 _aIx, 408p.:
_c24cm.
440 _pErchequer.
_vVol. 1-2
800 _aBulwer, J. R.
942 _2lcc
_cBK
999 _c4094
_d11594